Normal view MARC view

Entry Topical Term

Number of records used in: 10

001 - CONTROL NUMBER

  • control field: 1239845

003 - CONTROL NUMBER IDENTIFIER

  • control field: OSt

005 - DATE AND TIME OF LATEST TRANSACTION

  • control field: 20260514122641.0

008 - FIXED-LENGTH DATA ELEMENTS

  • fixed length control field: 260514|| aca||aabn | a|a d

040 ## - CATALOGING SOURCE

  • Original cataloging agency: OSt
  • Transcribing agency: OSt

150 ## - HEADING--TOPICAL TERM

  • Topical term or geographic name entry element: Anaesthesiology

670 ## - SOURCE DATA FOUND

  • Source citation: Work cat.: (OSt)1851581: Dr.Ravi Prakash 1239844, Comparison of Maintenance and Emergence Characterstic After Anaesthesia with Sevoflurane or Desflurane in Patients Undergoing Diagnostic Hysterolaparoscopy.
Copyright @ Delhi University Library System